[Event "Bizkaia-chB"]
[Site "Zornotza"]
[Date "2006.11.04"]
[Round "3"]
[White "Iza Gallastegui, Asier"]
[Black "Mendez Nunez, Jose Antonio"]
[Result "0-1"]
[WhiteElo "1740"]
[BlackElo "1870"]
[PlyCount "120"]
[EventDate "2006.10.21"]
[EventType "swiss"]
[EventRounds "6"]
[EventCountry "ESP"]
[SourceTitle "EXT 2018"]
[Source "ChessBase"]
[SourceDate "2017.10.13"]
[SourceVersion "1"]
[SourceVersionDate "2017.10.13"]
[SourceQuality "1"]

1. Nf3 c5 2. g3 Nc6 3. Bg2 Nf6 4. 0-0 e6 5. d3 Be7 6. Nbd2 0-0 7. b3 b5 8. Bb2 Bb7 9. c4 a6 10. Ne5 Qc7 11. Nxc6 Bxc6 12. e4 Qb7 13. Qe2 d6 14. Rfe1 Nd7 15. Rad1 e5 16. Nb1 b4 17. Nd2 h6 18. f4 exf4 19. gxf4 Bh4 20. Qg4 Bf6 21. e5 dxe5 22. Ne4 Rae8 23. Qf5 Re6 24. fxe5 Bh4 25. Rf1 g6 26. Qg4 Be7 27. Nd6 Bxd6 28. Bxc6 Qxc6 29. exd6 Qxd6 30. d4 Qe7 31. Rd2 Re4 32. Qf3 Qg5+ 33. Qg2 Qxg2+ 34. Kxg2 Rfe8 35. d5 Nf6 36. Rfd1 Re2+ 37. Kf3 Rxd2 38. Rxd2 Rd8 39. Re2 Kf8 40. Bc1 h5 41. Bh6+ Kg8 42. Re7 Nd7 43. h3 f6 44. h4 Ne5+ 45. Ke4 Nf7 46. Be3 Nd6+ 47. Kf4 Nf5 48. Re6 Nxh4 49. Rxf6 Ng2+ 50. Kf3 Nxe3 51. Kxe3 Kg7 52. Rc6 Rf8 53. Rxc5 h4 54. Rc7+ Kh6 55. d6 h3 56. d7 h2 57. Rc8 h1Q 58. Rxf8 Qh3+ 59. Ke4 Qe6+ 60. Kf3 Qxd7 0-1